Every Movie Directed by Todd Phillips - Statistics

General Stats
  • This quiz has been taken 16 times
  • The average score is 8 of 14
Answer Stats
Year Film % Correct
2019 Joker
100%
2009 The Hangover
100%
2011 The Hangover Part II
100%
2013 The Hangover Part III
100%
2024 Joker: Folie à Deux
77%
2003 Old School
62%
2000 Road Trip
54%
2010 Due Date
46%
2004 Starsky & Hutch
38%
2016 War Dogs
38%
1993 Hated: GG Allin and The Murder Junkies
31%
1998 Frat House
23%
2000 Phish: Bittersweet Motel
23%
2006 School for Scoundrels
23%
No matching quizzes found
Score Distribution
Percent of People with Each Score
Percentile by Number Answered
Your Score History
You have not taken this quiz